[Event "9th Tilburg Interpolis it"]
[Site "Tilburg NED"]
[Date "1985.08.28"]
[Round "1"]
[White "Huebner, Robert"]
[Black "Polugaevsky, Lev"]
[Result "1/2-1/2"]
[WhiteElo "2620"]
[BlackElo "2600"]
[EventDate "1985.08.28"]
[PlyCount "34"]

1. d4 Nf6 2. c4 e6 3. Nc3 Bb4 4. e3 O-O 5. Bd3 c5 6. Nge2 d5 7. a3 cxd4 8. axb4
dxc3 9. Nxc3 Nc6 10. b5 Nb4 11. O-O Nxd3 12. Qxd3 b6 13. cxd5 Nxd5 14. Nxd5
Qxd5 15. Qxd5 exd5 16. Rd1 Be6 17. Rd4 Rfc8 1/2-1/2

[Event "9th Tilburg Interpolis it"]
[Site "Tilburg NED"]
[Date "1985.08.29"]
[Round "2"]
[White "Ljubojevic, Ljubomir"]
[Black "Huebner, Robert"]
[Result "1-0"]
[WhiteElo "2615"]
[BlackElo "2620"]
[EventDate "1985.08.28"]
[PlyCount "83"]

1. e4 e5 2. Nf3 Nc6 3. Bb5 a6 4. Ba4 Nf6 5. O-O Be7 6. Re1 b5 7. Bb3 O-O 8. a4
Bb7 9. d3 d6 10. Nc3 b4 11. Nd5 Nxd5 12. Bxd5 Na5 13. Bxb7 Nxb7 14. c3 c5 15.
cxb4 cxb4 16. Qb3 Nc5 17. Qd5 Qe8 18. b3 Rc8 19. Be3 Qc6 20. Qxc6 Rxc6 21. Rac1
Rfc8 22. Bxc5 Rxc5 23. Rc4 g6 24. Kf1 Rxc4 25. dxc4 f5 26. exf5 gxf5 27. Nd4 f4
28. Nf5 Kf7 29. g3 fxg3 30. hxg3 Ke6 31. Ne3 a5 32. Nd5 Rh8 33. Kg2 h5 34. f4
Bd8 35. Kf3 Kf5 36. Rh1 e4+ 37. Kg2 Kg6 38. g4 Rh7 39. Kg3 h4+ 40. Kh3 Rh8 41.
Rd1 Kf7 42. Re1 1-0

[Event "9th Tilburg Interpolis it"]
[Site "Tilburg NED"]
[Date "1985.08.29"]
[Round "2"]
[White "Romanishin, Oleg"]
[Black "Polugaevsky, Lev"]
[Result "1/2-1/2"]
[WhiteElo "2590"]
[BlackElo "2600"]
[EventDate "1985.08.28"]
[PlyCount "43"]

1. e4 c5 2. Nc3 Nc6 3. f4 g6 4. Nf3 Bg7 5. Be2 e6 6. d4 Nxd4 7. Nxd4 cxd4 8.
Nb5 d6 9. c3 Ne7 10. Nxd4 a6 11. O-O O-O 12. Be3 Qc7 13. Qe1 Bd7 14. Rd1 Rae8
15. Qh4 f5 16. exf5 Nxf5 17. Nxf5 Rxf5 18. Bg4 Rf7 19. Rf2 e5 20. Bxd7 Qxd7 21.
fxe5 Bxe5 22. Qc4 1/2-1/2

[Event "9th Tilburg Interpolis it"]
[Site "Tilburg NED"]
[Date "1985.08.30"]
[Round "3"]
[White "Polugaevsky, Lev"]
[Black "Ljubojevic, Ljubomir"]
[Result "0-1"]
[WhiteElo "2600"]
[BlackElo "2615"]
[EventDate "1985.08.28"]
[PlyCount "88"]

1. Nf3 c5 2. c4 Nc6 3. d4 cxd4 4. Nxd4 Nf6 5. Nc3 e6 6. g3 Qb6 7. Nb3 Ne5 8. e4
d6 9. f4 Ng6 10. Qe2 Be7 11. Be3 Qc7 12. Bg2 Bd7 13. Rc1 O-O 14. O-O a6 15. Nd4
Rfe8 16. b3 Rac8 17. Kh1 Qb8 18. a4 Bd8 19. Nc2 Ba5 20. b4 Bd8 21. c5 dxc5 22.
bxc5 Ba5 23. Na3 Bxc3 24. Rxc3 Bxa4 25. Rb1 Red8 26. Qe1 Bc6 27. Bg1 Rc7 28.
Nc4 Rcd7 29. Na5 Ne7 30. Nc4 Rd3 31. Rxd3 Rxd3 32. Nd6 Qc7 33. Qe2 Ra3 34. Nxb7
h5 35. Nd6 h4 36. Qb2 h3 37. Qb8+ Qxb8 38. Rxb8+ Kh7 39. Bxh3 Nxe4 40. Bg2 f5
41. Rb6 Bd5 42. Rb1 Ra2 43. Bxe4 fxe4 44. Bd4 Rd2 0-1

[Event "9th Tilburg Interpolis it"]
[Site "Tilburg NED"]
[Date "1985.09.01"]
[Round "4"]
[White "Kortschnoj, Viktor"]
[Black "Polugaevsky, Lev"]
[Result "1/2-1/2"]
[WhiteElo "2630"]
[BlackElo "2600"]
[EventDate "1985.08.28"]
[PlyCount "136"]

1. d4 Nf6 2. c4 e6 3. Nf3 b6 4. g3 Ba6 5. Nbd2 Bb7 6. Bg2 d5 7. cxd5 Bxd5 8.
O-O Nbd7 9. Re1 Be7 10. e4 Bb7 11. e5 Nd5 12. Ne4 O-O 13. Bg5 Re8 14. a3 a5 15.
Rc1 h6 16. Bxe7 Rxe7 17. Nfd2 Nf8 18. Qg4 Nh7 19. Nc4 Kh8 20. Nc3 Rd7 21. h4
Rb8 22. Nxd5 Bxd5 23. Bxd5 Rxd5 24. Red1 f5 25. Qf4 Qd7 26. Ne3 g5 27. hxg5
hxg5 28. Qf3 Rxd4 29. Rxd4 Qxd4 30. Rxc7 Qxe5 31. Ra7 Rg8 32. Nc4 Qe1+ 33. Kg2
Nf6 34. Nd6 Rg7 35. Nf7+ Kh7 36. Nxg5+ Kg6 37. Rxg7+ Kxg7 38. Qb7+ Kh6 39. Nf3
Qe4 40. Qxb6 a4 41. Qd4 Kg6 42. Qxe4 Nxe4 43. Ne5+ Kf6 44. Nd3 e5 45. f3 Nd2
46. Nc5 Nc4 47. Nxa4 Kg5 48. Nc5 Nxb2 49. a4 Nc4 50. Nb3 f4 51. a5 fxg3 52.
Kxg3 Nd6 53. a6 Nb5 54. Nc5 Kf6 55. Kg4 Na7 56. Ne4+ Kg6 57. Kh4 Kf5 58. Kg3
Ke6 59. Kg4 Kd7 60. Kf5 Nc6 61. Nc5+ Kc7 62. Ke4 Kb6 63. Kd5 Ne7+ 64. Kd6 Ng6
65. Nd7+ Kxa6 66. Nxe5 Nf4 67. Nc6 Kb7 68. Ne7 Ne2 1/2-1/2

[Event "9th Tilburg Interpolis it"]
[Site "Tilburg NED"]
[Date "1985.09.01"]
[Round "4"]
[White "Miles, Anthony John"]
[Black "Dzindzichashvili, Roman"]
[Result "1/2-1/2"]
[WhiteElo "2560"]
[BlackElo "2570"]
[EventDate "1985.08.28"]
[PlyCount "30"]

1. d4 Nf6 2. c4 c5 3. d5 g6 4. Nc3 Bg7 5. e4 d6 6. Bd3 O-O 7. Nge2 e5 8. Ng3
Ne8 9. Be3 f5 10. exf5 gxf5 11. f4 e4 12. Be2 Bxc3+ 13. bxc3 Ng7 14. Bf2 Qf6
15. Qd2 Qh6 1/2-1/2

[Event "9th Tilburg Interpolis it"]
[Site "Tilburg NED"]
[Date "1985.09.01"]
[Round "4"]
[White "Romanishin, Oleg"]
[Black "Ljubojevic, Ljubomir"]
[Result "0-1"]
[WhiteElo "2590"]
[BlackElo "2615"]
[EventDate "1985.08.28"]
[PlyCount "114"]

1. e4 c5 2. Nc3 Nc6 3. f4 e6 4. Nf3 d5 5. Bb5 Nge7 6. O-O dxe4 7. Nxe4 a6 8.
Bxc6+ Nxc6 9. d3 Be7 10. Be3 b6 11. Ne5 Bb7 12. Qh5 g6 13. Nxc6 Bxc6 14. Qe5
O-O 15. Rf2 Bd5 16. c4 f6 17. Qc3 Bb7 18. Re1 Qd7 19. Qb3 Qc6 20. Nd2 Rad8 21.
Nf3 Rd7 22. Bd2 Rfd8 23. Re3 Bf8 24. Ne1 Bh6 25. Rh3 Bg7 26. Qd1 b5 27. b3 f5
28. Qe2 Qd6 29. Nf3 Bxf3 30. Rhxf3 e5 31. Bc3 exf4 32. Bxg7 Kxg7 33. Rxf4 Re7
34. Qb2+ Kg8 35. Re2 Rde8 36. Rxe7 Rxe7 37. Qd2 Re4 38. Rf2 Rd4 39. Rf3 bxc4
40. bxc4 Rxc4 41. Rxf5 gxf5 42. Qg5+ Kh8 43. dxc4 Qd4+ 44. Kf1 Qa1+ 45. Kf2
Qxa2+ 46. Kg3 Qb3+ 47. Kf4 Qxc4+ 48. Ke5 Qf7 49. Qd8+ Kg7 50. Qd6 c4 51. Qxa6
c3 52. Qc6 Qg6 53. Qc7+ Kh6 54. Kd4 Qxg2 55. Kxc3 Qg7+ 56. Qxg7+ Kxg7 57. Kd4
Kf6 0-1

[Event "9th Tilburg Interpolis it"]
[Site "Tilburg NED"]
[Date "1985.09.03"]
[Round "6"]
[White "Miles, Anthony John"]
[Black "Polugaevsky, Lev"]
[Result "1-0"]
[WhiteElo "2560"]
[BlackElo "2600"]
[EventDate "1985.08.28"]
[PlyCount "81"]

1. d4 Nf6 2. c4 e6 3. Nc3 Bb4 4. Bg5 c5 5. d5 h6 6. Bh4 Bxc3+ 7. bxc3 d6 8. e3
e5 9. Bd3 Nbd7 10. f4 Qe7 11. Ne2 g5 12. fxg5 Ng4 13. Ng3 Nxe3 14. Qf3 hxg5 15.
Qxe3 gxh4 16. Nf5 Qf6 17. O-O Nf8 18. Rf3 Bd7 19. Raf1 O-O-O 20. Be4 Ng6 21.
Ne7+ Qxe7 22. Rxf7 Qxf7 23. Rxf7 Nf4 24. Bh7 Rdf8 25. Rg7 Rf6 26. Bg8 Rf8 27.
Be6 Bxe6 28. dxe6 Rfg8 29. Rf7 Rxg2+ 30. Kf1 Rhg8 31. e7 Kd7 32. e8=R+ Kxe8 33.
Rxf4 Rxh2 34. Rf2 Rxf2+ 35. Kxf2 Rf8+ 36. Kg2 Rf4 37. Qh3 Kd8 38. Qe6 Kc7 39.
a4 a5 40. Qe7+ Kc6 41. Qe8+ 1-0

[Event "9th Tilburg Interpolis it"]
[Site "Tilburg NED"]
[Date "1985.09.05"]
[Round "7"]
[White "Ljubojevic, Ljubomir"]
[Black "Miles, Anthony John"]
[Result "0-1"]
[WhiteElo "2615"]
[BlackElo "2560"]
[EventDate "1985.08.28"]
[PlyCount "130"]

1. e4 c5 2. Nc3 Nc6 3. Nf3 g6 4. a3 Bg7 5. Rb1 e6 6. b4 b6 7. Bb2 d6 8. Bb5
Nge7 9. Nd5 O-O 10. Nf6+ Kh8 11. Ng5 h6 12. h4 a6 13. Bxc6 Nxc6 14. Qf3 e5 15.
Nfh7 Kg8 16. Nxf8 hxg5 17. Nxg6 g4 18. Qe3 Nd4 19. Qg5 Qxg5 20. hxg5 fxg6 21.
bxc5 bxc5 22. Bxd4 cxd4 23. d3 Bf8 24. Ke2 Ra7 25. c4 dxc3 26. Rhc1 Rc7 27. Rb3
Kf7 28. Rcxc3 Rxc3 29. Rxc3 Bd7 30. Rc7 Ke6 31. Ra7 Bb5 32. a4 Bxa4 33. Rxa6
Bd7 34. g3 Be7 35. Ra8 Bxg5 36. Rb8 Bc1 37. Rb3 Kf6 38. Rb7 Be6 39. Rc7 Ba3 40.
Ra7 Bc5 41. Rc7 Bd4 42. Kf1 d5 43. exd5 Bxd5 44. Ke2 Be6 45. Rc6 Ke7 46. Ke1
Kd7 47. Ra6 Bf5 48. Ke2 Kc7 49. Ra8 Kb6 50. Rb8+ Ka5 51. Rb7 Ka4 52. Rb8 Ka3
53. Rb7 Be6 54. Rg7 Bd5 55. Rxg6 Bf3+ 56. Kf1 Kb2 57. Ra6 Kc2 58. Re6 Kd2 59.
Re8 Be2+ 60. Kg2 Ke1 61. Rf8 Bf1+ 62. Kg1 Bxd3 63. Rf7 Be4 64. Kh2 Kf1 65. Rf8
Bf3 0-1

[Event "9th Tilburg Interpolis it"]
[Site "Tilburg NED"]
[Date "1985.09.08"]
[Round "8"]
[White "Polugaevsky, Lev"]
[Black "Huebner, Robert"]
[Result "1/2-1/2"]
[WhiteElo "2600"]
[BlackElo "2620"]
[EventDate "1985.08.28"]
[PlyCount "61"]

1. d4 d5 2. Nf3 Nf6 3. c4 dxc4 4. Nc3 c6 5. a4 Bg4 6. Ne5 Bh5 7. f3 Nfd7 8.
Nxc4 e5 9. Ne4 Bb4+ 10. Bd2 Qe7 11. Bxb4 Qxb4+ 12. Qd2 Qxd2+ 13. Kxd2 exd4 14.
Ned6+ Ke7 15. Nf5+ Kf6 16. Nxd4 Nc5 17. Kc3 Rd8 18. e4 Rxd4 19. Kxd4 Nb3+ 20.
Kc3 Nxa1 21. Be2 Nd7 22. Rxa1 Nc5 23. e5+ Ke7 24. g4 Bg6 25. f4 Be4 26. b4 Ne6
27. Rf1 c5 28. Nd6 cxb4+ 29. Kxb4 Bd5 30. f5 Nd8 31. Bb5 1/2-1/2

[Event "9th Tilburg Interpolis it"]
[Site "Tilburg NED"]
[Date "1985.09.09"]
[Round "9"]
[White "Dzindzichashvili, Roman"]
[Black "Kortschnoj, Viktor"]
[Result "1/2-1/2"]
[WhiteElo "2570"]
[BlackElo "2630"]
[EventDate "1985.08.28"]
[PlyCount "81"]

1. g3 e5 2. Bg2 d5 3. d3 Nc6 4. Nf3 Nf6 5. O-O Be7 6. c3 O-O 7. Nbd2 Re8 8. Qc2
Be6 9. b4 Nd7 10. b5 Na5 11. Nb3 c5 12. Nxa5 Qxa5 13. c4 dxc4 14. dxc4 Qc7 15.
Bb2 Rad8 16. a4 Bf6 17. Nd2 Nb6 18. Be4 g6 19. a5 Rxd2 20. Qxd2 Nxc4 21. Qc2
Nd6 22. a6 b6 23. Bc6 Bd7 24. Bxd7 Qxd7 25. Rfd1 Qe6 26. e3 Nxb5 27. Qa4 Nc7
28. Qd7 Re7 29. Qd8+ Ne8 30. Rd2 Kg7 31. Rad1 Qb3 32. Rd7 Rxd7 33. Qxd7 Nc7 34.
Rd2 Nxa6 35. Qxa7 Nb4 36. Qa3 Qe6 37. Qc3 h5 38. h4 Na2 39. Qc2 Nb4 40. Qe4 c4
41. Bc3 1/2-1/2

[Event "9th Tilburg Interpolis it"]
[Site "Tilburg NED"]
[Date "1985.09.09"]
[Round "9"]
[White "Huebner, Robert"]
[Black "Ljubojevic, Ljubomir"]
[Result "1-0"]
[WhiteElo "2620"]
[BlackElo "2615"]
[EventDate "1985.08.28"]
[PlyCount "83"]

1. e4 e5 2. Nf3 Nc6 3. Bb5 a6 4. Ba4 Nf6 5. O-O Nxe4 6. d4 b5 7. Bb3 d5 8. dxe5
Be6 9. Nbd2 Nc5 10. c3 d4 11. Bxe6 Nxe6 12. cxd4 Ncxd4 13. Ne4 Be7 14. Be3 Nf5
15. Qc2 O-O 16. Rad1 Nxe3 17. fxe3 Qc8 18. Nd4 Nxd4 19. exd4 Qe6 20. Qxc7 Rac8
21. Qa5 Rc2 22. Rf2 Rfc8 23. Qe1 Qxa2 24. Nd6 R8c7 25. Rxc2 Rxc2 26. Qe4 Rxb2
27. Rf1 h5 28. Nxf7 Qe6 29. h3 Rd2 30. Qa8+ Kh7 31. Qh8+ Kg6 32. Qe8 Qd5 33.
Rf3 Qxd4+ 34. Kh2 Rd1 35. Nd6+ Kh7 36. Qxh5+ Kg8 37. Qf7+ Kh7 38. Qh5+ Kg8 39.
Qf7+ Kh7 40. Qxe7 Qg1+ 41. Kg3 Qe1+ 42. Kh2 1-0

[Event "9th Tilburg Interpolis it"]
[Site "Tilburg NED"]
[Date "1985.09.10"]
[Round "10"]
[White "Ljubojevic, Ljubomir"]
[Black "Polugaevsky, Lev"]
[Result "1/2-1/2"]
[WhiteElo "2615"]
[BlackElo "2600"]
[EventDate "1985.08.28"]
[PlyCount "39"]

1. e4 c5 2. Nc3 Nc6 3. g3 g6 4. d3 Bg7 5. Be3 d6 6. Qd2 e6 7. Bg2 Qa5 8. Nf3
Nd4 9. O-O Bd7 10. Bf4 Qb6 11. Rab1 Rc8 12. Rfe1 Ne7 13. e5 Bc6 14. Ne4 Bxe4
15. Rxe4 d5 16. Ree1 Nxf3+ 17. Bxf3 Nc6 18. c3 O-O 19. h4 Qc7 20. Qe2 1/2-1/2

[Event "9th Tilburg Interpolis it"]
[Site "Tilburg NED"]
[Date "1985.09.12"]
[Round "11"]
[White "Huebner, Robert"]
[Black "Timman, Jan"]
[Result "1/2-1/2"]
[WhiteElo "2620"]
[BlackElo "2640"]
[EventDate "1985.08.28"]
[PlyCount "39"]

1. e4 c5 2. Nf3 e6 3. d4 cxd4 4. Nxd4 Nf6 5. Nc3 a6 6. Be2 d6 7. O-O Be7 8. f4
O-O 9. a4 Nc6 10. Kh1 Qc7 11. Bf3 Rb8 12. Be3 Re8 13. Qd2 Na5 14. b3 b6 15.
Rad1 Bb7 16. e5 Bxf3 17. Rxf3 Ng4 18. exd6 Qxd6 19. Bg1 Qc7 20. Qe2 1/2-1/2

[Event "9th Tilburg Interpolis it"]
[Site "Tilburg NED"]
[Date "1985.09.12"]
[Round "11"]
[White "Ljubojevic, Ljubomir"]
[Black "Romanishin, Oleg"]
[Result "1/2-1/2"]
[WhiteElo "2615"]
[BlackElo "2590"]
[EventDate "1985.08.28"]
[PlyCount "49"]

1. e4 e5 2. Nf3 Nc6 3. Bb5 a6 4. Ba4 Nf6 5. O-O Be7 6. Re1 b5 7. Bb3 d6 8. c3
O-O 9. h3 Na5 10. Bc2 c5 11. d4 Nc6 12. a4 Bd7 13. d5 Na5 14. b4 Nb7 15. Be3
Qc7 16. Nbd2 Rfc8 17. Ra2 a5 18. bxc5 Nxc5 19. axb5 Bxb5 20. c4 Be8 21. Qa1 Bd8
22. Rb1 Rcb8 23. Ne1 Nfd7 24. Rb5 Qc8 25. Bd1 1/2-1/2